00779nam a2200217 a 4500999001500000001000600015003000900021005001700030008004100047040003800088082002400126245006800150260007200218300002200290505001100312546002500323650002100348710005400369942001200423952012600435 c1393d139310986BD-DhUAP20210120152049.0200206s2007 bg l f001 0 eng d aBD-DhUAPcBD-DhUAPdBD-DhUAPbEng00a348.5492022 BAN22314aThe Bangladesh code :bact No. V of 1898 to act No. II of 1899. aDhaka :bMinistry of Law, Justice and Parliamentary Affairs,c2007. avolumes ;c24 cm. aV. 4-- aEnglish and Bengali. 0aLawzBangladesh. aGovernment of the peoples republic of Bangladesh. 2ddccBK 00102ddc4070aUAPCLbUAPCLcGeneral Stacksd2020-02-06o348.5492022 BAN V-4p3010010986r2020-02-06t1w2020-02-06yBK